| 000 | 00397cam a2200157ua 4500 | ||
|---|---|---|---|
| 041 |
_aeng _h |
||
| 082 |
_a028.7342 _bFOW/DI |
||
| 100 | _aFowler, H W . | ||
| 245 |
_aDictionary of modern english usage / _cH W Fowler. _hTextual Documents |
||
| 250 |
_a1 / _b. |
||
| 260 |
_aLondon : _bOxford University Press , _c1963. |
||
| 300 | _a742 ; . | ||
| 504 | _a | ||
| 942 | _cBK | ||
| 999 |
_c9990 _d9990 |
||